Rapports du physique et du moral de l'homme et lettre sur les causes premières / (Registro nro. 38010)
[ vista simple ]
| 000 -LEADER | |
|---|---|
| campo de control de longitud fija | 00945nam a2200217 i 4500 |
| 001 - NÚMERO DE CONTROL | |
| campo de control | 38010 |
| 003 - IDENTIFICADOR DE NÚMERO DE CONTROL | |
| campo de control | ES-MaACL |
| 005 - FECHA Y HORA DE LA ÚLTIMA TRANSACCIÓN | |
| campo de control | 20250929063106.0 |
| 007 - CAMPO FIJO DE DESCRIPCIÓN FÍSICA--INFORMACIÓN GENERAL | |
| campo de control de longitud fija | t| |
| 008 - DATOS DE LONGITUD FIJA--INFORMACIÓN GENERAL | |
| campo de control de longitud fija | 030224s1844 fr ||||1| fre d |
| 100 1# - ENTRADA PRINCIPAL--NOMBRE DE PERSONA | |
| Nombre de persona | Cabanis, Pierre-Jean-Georges, |
| Fechas asociadas al nombre | 1757-1808 |
| 9 (RLIN) | 154489 |
| 245 10 - MENCIÓN DEL TÍTULO | |
| Título | Rapports du physique et du moral de l'homme et lettre sur les causes premières / |
| Mención de responsabilidad, etc. | par P. J. G. Cabanis ... : avec une table analytique par Destutt de Tracy. |
| 250 ## - MENCION DE EDICION | |
| Mención de edición | 8e éd., augm. de notes et précédée d'une notice historique et philosophique sur la vie, les travaux et les doctrines de Cabanis par L. Peisse. |
| 260 ## - PUBLICACIÓN, DISTRIBUCIÓN, ETC. | |
| Lugar de publicación, distribución, etc. | París : |
| Nombre del editor, distribuidor, etc. | J.B. Baillière, |
| Fecha de publicación, distribución, etc. | 1844 ( |
| Fabricante | Imp. Crapelet) |
| 300 ## - DESCRIPCIÓN FÍSICA | |
| Extensión | LXVIII, 712 p. ; |
| Dimensiones | 23 cm. |
| 650 04 - PUNTO DE ACCESO ADICIONAL DE MATERIA--TÉRMINO DE MATERIA | |
| Término de materia o nombre geográfico como elemento de entrada | Mente y cuerpo. |
| 9 (RLIN) | 14993 |
| 700 1# - ENTRADA AGREGADA--NOMBRE PERSONAL | |
| Nombre de persona | Peisse, Louis ( |
| Fechas asociadas al nombre | 1803-1880) |
| 9 (RLIN) | 154490 |
| 700 1# - ENTRADA AGREGADA--NOMBRE PERSONAL | |
| Nombre de persona | Destutt de Tracy, Antoine-Louis-Claude, |
| Fechas asociadas al nombre | 1754-1836 |
| 9 (RLIN) | 126781 |
| 852 ## - LOCALIZACIÓN | |
| Ubicación | ES-MaACL |
| Número de control de estantería | F-1761 |
| Estatus retirado | Estado de pérdida | Estado de daño | No para préstamo | Colección | Biblioteca de origen | Biblioteca actual | Ubicación en estantería | Fecha de adquisición | Fuente de adquisición | Total de préstamos | Signatura topográfica completa | Código de barras | Visto por última vez | Precio de reemplazo | Tipo de ítem Koha |
|---|---|---|---|---|---|---|---|---|---|---|---|---|---|---|---|
| Libros del s. XIX | Biblioteca del Ateneo de Madrid | Biblioteca del Ateneo de Madrid | Depósito 2 | 17/01/2008 | F-1761 | 1040020 | 23/02/2023 | 23/02/2023 | Libro impreso antiguo |
